000 00997nam a22002897a 4500
001 7433
003 FISKH
005 20250715110920.0
008 250715b cb ||||| |||| 00| 0 eng d
020 _a9780439329101
040 _aFISKH
_beng
_cFISKH
_dFISKH
050 _aPZ8.H66 E
082 _a782.421640268
100 _aHoberman, Mary Ann
245 _aThe Eensy-Weensy spider /
_cby Mary Ann Hoberman ; illustrated by Nadine Bernard Westcott
250 _aFirst Scholastic printing, September 2001
260 _aNew York :
_bScholastic,
_c2000.
300 _a28 pages :
_bcolor illustrations ;
_c22 x 28 cm
505 _a420
520 _aAn expanded version of the familiar children's song describing what the little spider does after being washed out of the water-spout.
521 8 _a420
_bLexile AD
521 8 _aG
_bRaz-Plus
650 _aNursery Rhymes
_vBugs
_xSongs
700 _aWestcott, Nadine Bernard
_eillustrator
942 _2ddc
_cBK
_n0
999 _c7433
_d7433